| 000 | 01497nam0a22003251 4500 | ||
|---|---|---|---|
| 001 | rc\3636896 | ||
| 005 | 20260412062801.0 | ||
| 021 |
_aRU _bРг936-70 |
||
| 021 |
_aRU _b69-78131 |
||
| 035 | _a(NLR Aleph) 007726560 | ||
| 090 |
_a7009325 _c7009325 |
||
| 100 | _a20130115d1969 |||y0rusy50 ca | ||
| 101 | 0 | _arus | |
| 102 | _aRU | ||
| 105 | _aa cg ||||| | ||
| 200 | 1 |
_aМетодические указания и справочные материалы по проектированию схем развития электрических сетей городов _fМ-во энергетики и электрификации СССР. Главтехстройпроект. Всесоюз. гос. науч.-исслед. и проектно-изыскательский ин-т "Энергосетьпроект" |
|
| 210 |
_aМосква _cБ. и. _d1969 |
||
| 215 |
_a127 с. _cил. _d21 |
||
| 300 | _aНа 3-й с.: подготовили инж. Д. Файбисович, И. Штейн, с. Захарова [и др.] | ||
| 309 | _aОтпеч. множит. аппаратом | ||
| 320 | _aБиблиогр.: с. 124-127 | ||
| 702 | 1 |
_aШтейн _bИ. _4570 |
|
| 702 | 1 |
_aФайбисович _bД. _4570 |
|
| 702 | 1 |
_aЗахарова _bС. _4570 |
|
| 712 | 0 | 2 |
_a"Энергосетьпроект", институт _cМосква _9363339 _3RU\NLR\AUTH\889934101 |
| 801 | 0 |
_aRU _bNLR _gpsbo |
|
| 801 | 1 |
_aRU _bELAR _2rusmarc |
|
| 852 |
_aNLR _j69-3/8809 |
||
| 942 | _cBOOK | ||
| 980 | _aNB | ||